000 00627nam a2200217 a 4500
005 20250307063808.0
008 991125s1986 mx 000 0 spa u
020 _a8475094031
035 _aUPN01000013573
049 _aCG
050 4 _aP221
_bD9.48
100 1 _aDucrot, Oswald
245 1 3 _aEl decir y lo dicho :
_bpolifonia de la enunciación /
_cOswald Ducrot ; tr. Irene Agaff.
260 _aMéxico :
_bPaidós,
_c1986.
300 _a241 p.
440 0 _aPaidós comunicación ;
_v24
650 4 _aESPAÑOL -
_xFONETICA
_918272
650 4 _aFonética
_926793
650 4 _aLenguaje y lenguas
_93837
905 _aLibro
999 _c13573
_d13573